[Event "Serpukhov-G"]
[Site "Serpukhov"]
[Date "2003.??.??"]
[Round "7"]
[White "Dukhin, Jokhan"]
[Black "Zilberstein, Valery I"]
[Result "1-0"]
[WhiteElo "2135"]
[BlackElo "2251"]
[PlyCount "112"]
[EventDate "2003.??.??"]
[EventType "tourn"]
[EventRounds "13"]
[EventCountry "RUS"]
[SourceTitle "EXT 2005"]
[Source "ChessBase"]
[SourceDate "2004.11.15"]
[SourceVersion "1"]
[SourceVersionDate "2004.11.15"]
[SourceQuality "1"]

1. e4 c5 2. Nf3 d6 3. d4 cxd4 4. Qxd4 Nf6 5. Nc3 Nc6 6. Bb5 Bd7 7. Bxc6 Bxc6 8. Bg5 e6 9. 0-0-0 Be7 10. Rhe1 0-0 11. Kb1 a5 12. a4 Qc7 13. Qd2 Rfd8 14. Nd4 d5 15. e5 Ne4 16. Nxe4 dxe4 17. Bxe7 Qxe7 18. Nxc6 bxc6 19. Qc3 Qa7 20. Qxc6 Qxf2 21. Qxe4 h5 22. b3 Qc5 23. Rd6 Rdc8 24. Red1 Rab8 25. Rd7 Qc3 26. R1d2 g6 27. Qd4 Qc6 28. Rd6 Qc7 29. Rd7 Qc6 30. Qf2 Rf8 31. R2d4 Rb4 32. Rxb4 Qxd7 33. Rd4 Qc7 34. Qe2 Qc5 35. Qe3 Qc6 36. Rd2 Qc7 37. h4 Rc8 38. Kb2 Qe7 39. g3 Qb7 40. Rf2 Qd5 41. Rd2 Qc6 42. Qd4 Qf3 43. Qd3 Qh1 44. Rd1 Qc6 45. Rd2 Qc5 46. Qd4 Qc6 47. Re2 Qc7 48. Qe3 Rd8 49. Qc3 Qb6 50. Rd2 Rxd2 51. Qxd2 Kg7 52. Qf4 Qc5 53. Qe4 Qf2 54. Qd3 Qc5 55. Qc3 Qd5 56. Qe3 Kg8 1-0

[Event "Serpukhov-G"]
[Site "Serpukhov"]
[Date "2003.??.??"]
[Round "6"]
[White "Zilberstein, Valery I"]
[Black "Kuznetsov, Ivan"]
[Result "1-0"]
[WhiteElo "2251"]
[BlackElo "2237"]
[PlyCount "31"]
[EventDate "2003.??.??"]
[EventType "tourn"]
[EventRounds "13"]
[EventCountry "RUS"]
[SourceTitle "EXT 2005"]
[Source "ChessBase"]
[SourceDate "2004.11.15"]
[SourceVersion "1"]
[SourceVersionDate "2004.11.15"]
[SourceQuality "1"]

1. Nf3 Nf6 2. g3 g6 3. Bg2 Bg7 4. 0-0 0-0 5. d4 d5 6. c4 c6 7. cxd5 cxd5 8. Nc3 Nc6 9. Ne5 Be6 10. Nxc6 bxc6 11. Bf4 Nd7 12. Na4 Qa5 13. Rc1 Rac8 14. a3 c5 15. dxc5 Nxc5 16. Rxc5 1-0

[Event "St Petersburg op"]
[Site "St Petersburg"]
[Date "1995.??.??"]
[Round "1"]
[White "Makarov, Marat"]
[Black "Zilberstein, Valery I"]
[Result "1/2-1/2"]
[WhiteElo "2520"]
[BlackElo "2290"]
[PlyCount "34"]
[EventDate "1995.05.??"]
[EventType "swiss"]
[EventRounds "9"]
[EventCountry "RUS"]
[SourceTitle "CBM 046 Extra"]
[Source "ChessBase"]
[SourceDate "1995.07.01"]
[SourceVersion "1"]
[SourceVersionDate "1995.07.01"]
[SourceQuality "1"]

1. Nf3 Nf6 2. c4 g6 3. d4 Bg7 4. g3 0-0 5. Bg2 d5 6. cxd5 Nxd5 7. 0-0 c5 8. Nc3 Nxc3 9. bxc3 Nc6 10. Be3 cxd4 11. Nxd4 Bd7 12. Rb1 Na5 13. Nb3 Nc4 14. Bd4 Bf5 15. e4 Bc8 16. Qe2 Qc7 17. f4 b6 1/2-1/2

[Event "St Petersburg op"]
[Site "St Petersburg"]
[Date "1995.??.??"]
[Round "2"]
[White "Zilberstein, Valery I"]
[Black "Lugovoi, Aleksei"]
[Result "1-0"]
[WhiteElo "2290"]
[BlackElo "2485"]
[PlyCount "55"]
[EventDate "1995.05.??"]
[EventType "swiss"]
[EventRounds "9"]
[EventCountry "RUS"]
[SourceTitle "CBM 046 Extra"]
[Source "ChessBase"]
[SourceDate "1995.07.01"]
[SourceVersion "1"]
[SourceVersionDate "1995.07.01"]
[SourceQuality "1"]

1. d4 Nf6 2. c4 e6 3. g3 Bb4+ 4. Bd2 Qe7 5. Nf3 Nc6 6. Nc3 Bxc3 7. Bxc3 Ne4 8. Rc1 d6 9. Bg2 0-0 10. 0-0 Nxc3 11. Rxc3 e5 12. d5 Nb8 13. b4 c6 14. Nd2 cxd5 15. Bxd5 Nc6 16. a3 a5 17. b5 Nd4 18. e3 Ne6 19. Ne4 Nd8 20. Qh5 Kh8 21. f4 g6 22. Qh4 Qxh4 23. gxh4 exf4 24. Nxd6 fxe3 25. Rxe3 f5 26. Re7 f4 27. Rfe1 Bh3 28. Rc7 1-0

[Event "RUS-chT2"]
[Site "Podolsk"]
[Date "1993.??.??"]
[Round "?"]
[White "Voitsekhovsky, Stanislav"]
[Black "Zilberstein, Valery I"]
[Result "1-0"]
[WhiteElo "2370"]
[BlackElo "2285"]
[PlyCount "39"]
[EventDate "1993.??.??"]
[EventType "team"]
[EventRounds "9"]
[EventCountry "RUS"]
[SourceTitle "TD"]
[Source "ChessBase"]
[SourceDate "1994.03.01"]
[SourceVersion "1"]
[SourceVersionDate "1994.03.01"]
[SourceQuality "1"]

1. e4 c5 2. Nf3 d6 3. d4 cxd4 4. Nxd4 Nf6 5. Nc3 a6 6. Bc4 e6 7. Bb3 b5 8. 0-0 Be7 9. Qf3 Qc7 10. Qg3 Nc6 11. Nxc6 Qxc6 12. Re1 0-0 13. Bh6 Ne8 14. Nd5 Bd8 15. Re3 Qd7 16. Nf4 Bf6 17. Nh5 Bxb2 18. c3 g6 19. Rb1 Ba3 20. Qh4 1-0

[Event "RUS-chT2"]
[Site "Podolsk"]
[Date "1993.??.??"]
[Round "?"]
[White "Zarubin, Pavel"]
[Black "Zilberstein, Valery I"]
[Result "1/2-1/2"]
[WhiteElo "2415"]
[BlackElo "2285"]
[PlyCount "102"]
[EventDate "1993.??.??"]
[EventType "team"]
[EventRounds "9"]
[EventCountry "RUS"]
[SourceTitle "CBM 038"]
[Source "ChessBase"]
[SourceDate "1994.02.01"]
[SourceVersion "1"]
[SourceVersionDate "1994.02.01"]
[SourceQuality "1"]

1. d4 Nf6 2. c4 g6 3. Nc3 d5 4. cxd5 Nxd5 5. e4 Nxc3 6. bxc3 Bg7 7. Bc4 c5 8. Ne2 0-0 9. Be3 Nc6 10. Rc1 Na5 11. Bd3 e5 12. dxe5 b6 13. f4 Qh4+ 14. Ng3 Rd8 15. Qc2 Be6 16. c4 Bh6 17. 0-0 Nc6 18. Qe2 Bg4 19. Qd2 Nb4 20. Rc3 Be6 21. f5 Bxe3+ 22. Qxe3 Nxd3 23. Rxd3 Bxc4 24. Rxd8+ Rxd8 25. Re1 Bd3 26. Rd1 c4 27. f6 h6 28. Nh1 Qh5 29. Nf2 Re8 30. Qf4 Qxe5 31. Nxd3 cxd3 32. Qxe5 Rxe5 33. Rxd3 Rxe4 34. Rd8+ Kh7 35. Rf8 Ra4 36. Rxf7+ Kg8 37. Rg7+ Kf8 38. Rxg6 Rxa2 39. Rxh6 b5 40. g4 b4 41. g5 Ra6 42. Rh8+ Kf7 43. Rh7+ Kf8 44. Rb7 Rb6 45. Rxa7 b3 46. Ra1 b2 47. Rb1 Kf7 48. Kg2 Rb3 49. h4 Kg6 50. Kf1 Rb4 51. Ke1 Rxh4 1/2-1/2

[Event "St Petersburg op"]
[Site "St Petersburg"]
[Date "1993.??.??"]
[Round "?"]
[White "Zilberstein, Valery I"]
[Black "Gorbatov, Alexej"]
[Result "1/2-1/2"]
[WhiteElo "2270"]
[BlackElo "2450"]
[PlyCount "75"]
[EventDate "1993.10.??"]
[EventType "swiss"]
[EventRounds "9"]
[EventCountry "RUS"]
[SourceTitle "TD"]
[Source "ChessBase"]
[SourceDate "1994.03.01"]
[SourceVersion "1"]
[SourceVersionDate "1994.03.01"]
[SourceQuality "1"]

1. d4 Nf6 2. c4 e6 3. g3 c5 4. Nf3 Qa5+ 5. Nbd2 Nc6 6. dxc5 Bxc5 7. e3 0-0 8. Bg2 b5 9. 0-0 bxc4 10. Nxc4 Qc7 11. Nd4 d5 12. Nxc6 Qxc6 13. Na5 Qa6 14. Bd2 Bb6 15. Nb3 Ne4 16. Bb4 Rd8 17. Qh5 Qa4 18. Ba3 Ba6 19. Rfc1 Rac8 20. Qh4 Bc4 21. Nd4 Bxa2 22. Bxe4 dxe4 23. Bc5 Qd7 24. Bxb6 Rxc1+ 25. Rxc1 axb6 26. Ra1 Bd5 27. Ra7 Qe8 28. Re7 Qf8 29. Kg2 h6 30. Ra7 Ra8 31. Rxa8 Qxa8 32. Qe7 Qb7 33. Qe8+ Kh7 34. b4 Qc7 35. b5 e5 36. Nf5 f6 37. Ne7 Qc4 38. Qg6+ 1/2-1/2

[Event "St Petersburg op"]
[Site "St Petersburg"]
[Date "1993.??.??"]
[Round "?"]
[White "Zilberstein, Valery I"]
[Black "Kulish, Irina"]
[Result "1-0"]
[WhiteElo "2270"]
[BlackElo "2225"]
[PlyCount "76"]
[EventDate "1993.10.??"]
[EventType "swiss"]
[EventRounds "9"]
[EventCountry "RUS"]
[SourceTitle "TD"]
[Source "ChessBase"]
[SourceDate "1994.03.01"]
[SourceVersion "1"]
[SourceVersionDate "1994.03.01"]
[SourceQuality "1"]

1. d4 Nf6 2. c4 e6 3. g3 Bb4+ 4. Bd2 Be7 5. Bg2 d5 6. Nf3 c6 7. 0-0 Nbd7 8. Qb3 b6 9. Rc1 Bb7 10. cxd5 cxd5 11. Bb4 0-0 12. Nc3 a6 13. e3 Rc8 14. Ne1 Bxb4 15. Qxb4 Rc4 16. Qb3 b5 17. Bf1 Rc7 18. a4 bxa4 19. Rxa4 Nb8 20. Nd3 Ne4 21. Nxe4 dxe4 22. Rxc7 Qxc7 23. Nc5 Bd5 24. Qc3 Rc8 25. b4 Qb6 26. Qa3 Bb7 27. Nxb7 Qxb7 28. Bxa6 Nxa6 29. Rxa6 h6 30. Ra5 Rb8 31. b5 Qd5 32. Qa4 Rb6 33. h4 Qh5 34. Qc2 Rxb5 35. Rxb5 Qxb5 36. Qxe4 g6 37. Qf4 h5 38. Qf6 Qb1+ 1-0

[Event "Smolensk Alekhine op-A"]
[Site "Smolensk"]
[Date "1992.??.??"]
[Round "9"]
[White "Zilberstein, Valery I"]
[Black "Cherniaev, Alexander"]
[Result "0-1"]
[WhiteElo "2285"]
[BlackElo "2415"]
[PlyCount "78"]
[EventDate "1992.??.??"]
[EventType "swiss"]
[EventRounds "9"]
[EventCountry "RUS"]
[SourceTitle "EXT 1997"]
[Source "ChessBase"]
[SourceDate "1996.11.15"]
[SourceVersion "1"]
[SourceVersionDate "1996.11.15"]
[SourceQuality "1"]

1. d4 f5 2. g3 Nf6 3. Bg2 g6 4. c4 Bg7 5. Nc3 d6 6. Nf3 0-0 7. 0-0 c6 8. d5 Bd7 9. Nd4 c5 10. Nc2 Na6 11. Bd2 Nc7 12. a4 Qe8 13. b3 Qf7 14. Ra2 Rfb8 15. e4 fxe4 16. Nxe4 Nxe4 17. Bxe4 Ne8 18. Bg2 Nf6 19. Ne3 a6 20. a5 b5 21. axb6 Rxb6 22. Qc2 Rab8 23. Ra3 Ng4 24. Nxg4 Bxg4 25. Re1 Bf5 26. Be4 Bxe4 27. Qxe4 Bb2 28. Ra2 Bf6 29. Kg2 Kg7 30. Ra3 Qe8 31. Re3 Qd7 32. Bc3 Bxc3 33. Rxc3 Rf8 34. Re3 Rf7 35. Qc2 Kg8 36. Qe2 Qb7 37. Kg1 Kf8 38. h4 Rf6 39. Qc2 Qd7 0-1

[Event "Katowice op"]
[Site "Katowice"]
[Date "1991.??.??"]
[Round "5"]
[White "Balashov, Yuri S"]
[Black "Zilberstein, Valery I"]
[Result "1-0"]
[WhiteElo "2580"]
[BlackElo "2370"]
[PlyCount "76"]
[EventDate "1991.??.??"]
[EventType "swiss"]
[EventRounds "11"]
[EventCountry "POL"]
[SourceTitle "EXT 1997"]
[Source "ChessBase"]
[SourceDate "1996.11.15"]
[SourceVersion "1"]
[SourceVersionDate "1996.11.15"]
[SourceQuality "1"]

1. e4 c5 2. Nf3 d6 3. g3 Nc6 4. Bg2 Nf6 5. d3 g6 6. 0-0 Bg7 7. c3 0-0 8. Re1 e5 9. a3 Ne8 10. b4 Nc7 11. Nbd2 Be6 12. Rb1 b6 13. Nf1 Rc8 14. b5 Na5 15. c4 Bd7 16. Bg5 f6 17. Bd2 Nb7 18. h4 Qe7 19. h5 Nd8 20. Nh4 Kf7 21. f4 f5 22. hxg6+ hxg6 23. exf5 Bxf5 24. fxe5 Bxe5 25. Nxf5 gxf5 26. Qh5+ Ke6 27. Ne3 Qf7 28. Nxf5 Qxh5 29. Ng7+ Ke7 30. Nxh5 Nde6 31. Rf1 Rg8 32. Rf3 Nd4 33. Rf2 Nce6 34. Rbf1 Rcf8 35. Rxf8 Nxf8 36. Bd5 Nfe6 37. Kg2 Rg6 38. Kh3 Ng5+ 1-0

[Event "Moscow op"]
[Site "Moscow"]
[Date "1990.??.??"]
[Round "?"]
[White "Zilberstein, Valery I"]
[Black "Hutters, Tomas"]
[Result "1-0"]
[WhiteElo "2385"]
[BlackElo "2355"]
[PlyCount "33"]
[EventDate "1990.09.??"]
[EventType "swiss"]
[EventRounds "9"]
[EventCountry "URS"]
[SourceTitle "EXT 2000"]
[Source "ChessBase"]
[SourceDate "1999.11.16"]
[SourceVersion "1"]
[SourceVersionDate "1999.11.16"]
[SourceQuality "1"]

1. d4 e6 2. g3 d5 3. c4 c6 4. Qc2 Bb4+ 5. Bd2 Be7 6. Bg2 f5 7. Nf3 Nf6 8. 0-0 0-0 9. Bg5 Qe8 10. Nbd2 Qh5 11. Nb3 b6 12. Nc1 Bd6 13. Nd3 Ne4 14. Bf4 Be7 15. cxd5 cxd5 16. Rac1 Nd6 17. Qc7 1-0

[Event "GMA qual"]
[Site "Belgorod"]
[Date "1989.??.??"]
[Round "?"]
[White "Piesina, Gintautas"]
[Black "Zilberstein, Valery I"]
[Result "1/2-1/2"]
[WhiteElo "2430"]
[BlackElo "2375"]
[PlyCount "70"]
[EventDate "1989.??.??"]
[EventType "swiss"]
[EventRounds "9"]
[EventCountry "URS"]
[SourceTitle "TD"]
[Source "ChessBase"]
[SourceDate "1994.03.01"]
[SourceVersion "1"]
[SourceVersionDate "1994.03.01"]
[SourceQuality "1"]

1. d4 Nf6 2. c4 g6 3. Nc3 d5 4. Nf3 Bg7 5. cxd5 Nxd5 6. e4 Nxc3 7. bxc3 c5 8. Rb1 0-0 9. Be2 cxd4 10. cxd4 Qa5+ 11. Qd2 Qxd2+ 12. Bxd2 b6 13. 0-0 Bb7 14. d5 Ba6 15. Rfe1 Bxe2 16. Rxe2 Rc8 17. Bg5 e6 18. h4 Nd7 19. dxe6 fxe6 20. Rd1 Nc5 21. e5 Rc7 22. Rc2 h6 23. Be3 Rac8 24. Rc4 Nd7 25. Re4 Nc5 26. Rg4 Kh7 27. Rd6 Re7 28. Rc4 Bf8 29. Rd1 Rcc7 30. Rcd4 Red7 31. Rc1 Rd5 32. a4 Na6 33. Rxc7+ Nxc7 34. Rc4 Bc5 35. Bxc5 Rxc5 1/2-1/2

[Event "GMA qual"]
[Site "Belgorod"]
[Date "1989.??.??"]
[Round "?"]
[White "Zilberstein, Valery I"]
[Black "Kengis, Edvins"]
[Result "1/2-1/2"]
[WhiteElo "2375"]
[BlackElo "2465"]
[PlyCount "26"]
[EventDate "1989.??.??"]
[EventType "swiss"]
[EventRounds "9"]
[EventCountry "URS"]
[SourceTitle "EXT 2003"]
[Source "ChessBase"]
[SourceDate "2002.11.25"]
[SourceVersion "1"]
[SourceVersionDate "2002.11.25"]
[SourceQuality "1"]

1. d4 Nf6 2. c4 e6 3. g3 Bb4+ 4. Bd2 c5 5. Bxb4 cxb4 6. Bg2 0-0 7. Nf3 d6 8. 0-0 Re8 9. a3 Nc6 10. axb4 Nxb4 11. Nc3 Bd7 12. Nd2 Qb6 13. Nde4 Nxe4 1/2-1/2

[Event "RSFSR-ch"]
[Site "Voronezh"]
[Date "1988.??.??"]
[Round "?"]
[White "Sorokin, Maxim"]
[Black "Zilberstein, Valery I"]
[Result "1-0"]
[WhiteElo "2400"]
[BlackElo "2350"]
[PlyCount "83"]
[EventDate "1988.??.??"]
[EventType "tourn"]
[EventRounds "17"]
[EventCountry "URS"]
[SourceTitle "EXT 1999"]
[Source "ChessBase"]
[SourceDate "1998.11.16"]
[SourceVersion "1"]
[SourceVersionDate "1998.11.16"]
[SourceQuality "1"]

1. e4 c5 2. Nf3 d6 3. d4 cxd4 4. Nxd4 Nf6 5. Nc3 a6 6. Bg5 e6 7. Qe2 Be7 8. h4 b5 9. a3 Bb7 10. 0-0-0 Nbd7 11. f4 Nc5 12. Bxf6 Bxf6 13. e5 Be7 14. f5 0-0 15. fxe6 Bxh4 16. Kb1 Bg5 17. exf7+ Rxf7 18. b4 dxe5 19. Nb3 Nd7 20. Ne4 Be7 21. Qg4 Qc8 22. Bd3 Nf8 23. Qg3 Bd5 24. Qxe5 Qe6 25. Qxe6 Bxe6 26. Nec5 Bc4 27. Be4 Ra7 28. Na5 Bxc5 29. Nxc4 bxc4 30. bxc5 Rf6 31. Rd8 Kf7 32. Bd5+ Kg6 33. Re1 Kg5 34. Re5+ Kf4 35. Re4+ Kg3 36. Rxc4 Ne6 37. Rd6 Rf1+ 38. Kb2 Nf4 39. Rc3+ Kh2 40. c6 Nxd5 41. Rxd5 Rc7 42. Rd7 1-0

[Event "URS-ch otbor56"]
[Site "Blagoveshchensk"]
[Date "1988.??.??"]
[Round "?"]
[White "Zilberstein, Valery I"]
[Black "Glek, Igor Vladimirovich"]
[Result "1-0"]
[WhiteElo "2350"]
[BlackElo "2500"]
[PlyCount "98"]
[EventDate "1988.08.??"]
[EventType "swiss"]
[EventRounds "9"]
[EventCountry "URS"]
[SourceTitle "TD"]
[Source "ChessBase"]
[SourceDate "1994.03.01"]
[SourceVersion "1"]
[SourceVersionDate "1994.03.01"]
[SourceQuality "1"]

1. d4 e6 2. g3 f5 3. Bg2 Nf6 4. Nd2 d5 5. c4 c6 6. Nh3 Bd6 7. 0-0 0-0 8. Qc2 b6 9. Nf3 Ne4 10. Nf4 Qe7 11. Nd3 Ba6 12. cxd5 exd5 13. Bf4 c5 14. Rfc1 c4 15. Bxd6 Qxd6 16. Nde5 b5 17. e3 Bb7 18. b3 c3 19. a3 a5 20. Nh4 b4 21. axb4 axb4 22. Rxa8 Bxa8 23. Ra1 Bb7 24. Nxf5 Rxf5 25. f3 Nxg3 26. hxg3 Rf8 27. f4 Nd7 28. Qd3 Nxe5 29. dxe5 Qc5 30. Kf2 Ra8 31. Rxa8+ Bxa8 32. Qa6 Qc6 33. Qa5 h5 34. Qd8+ Kh7 35. Bh3 g6 36. f5 Qa6 37. f6 Qa2+ 38. Kf3 d4+ 39. e4 Bxe4+ 40. Kxe4 Qe2+ 41. Kd5 Qf3+ 42. Ke6 c2 43. Kf7 Qb7+ 44. Bd7 Qd5+ 45. e6 Kh6 46. Qh8+ Kg5 47. Qg7 Kf5 48. Qxg6+ Ke5 49. Qxc2 d3 1-0